书目信息 |
| 题名: |
社会主义初级阶段文化论
|
|
| 作者: | 于幼军 著 | |
| 分册: | ||
| 出版信息: | 北京 人民出版社 1999 |
|
| 页数: | 359页 | |
| 开本: | 20cm | |
| 丛书名: | ||
| 单 册: | ||
| 中图分类: | G120 | |
| 科图分类: | ||
| 主题词: | 社会主义初级阶段--研究--中国 | |
| 电子资源: | ||
| ISBN: | 7-01-003130-4 | |
| 000 | 00568nam0 2200193 45 | |
| 001 | 0205150826 | |
| 005 | 20031219104055.7 | |
| 010 | @a7-01-003130-4@dCNY20.00 | |
| 100 | @a20020515d1999 km y0chiy0120 ea | |
| 101 | 0 | @achi |
| 105 | @a z 000yy | |
| 200 | 1 | @a社会主义初级阶段文化论@AShe Hui Zhu Yi Chu Ji Jie Duan Wen Hua Lun@f于幼军著@FYu You Jun Zhu |
| 210 | @a北京@c人民出版社@d1999 | |
| 215 | @a359页@d20cm | |
| 606 | 0 | @a社会主义初级阶段@x研究@y中国 |
| 690 | @aG120@v4 | |
| 701 | @a于幼军@4著 | |
| 801 | @aCN@bTSTC@c20020515 | |
| 905 | @b310283-287@dG120@e52@f5 | |
| 社会主义初级阶段文化论/于幼军著.-北京:人民出版社,1999 |
| 359页;20cm |
| ISBN 7-01-003130-4:CNY20.00 |
| ● |
| 相关链接 |
|
|
|
|
正题名:社会主义初级阶段文化论
索取号:G120/52
 
预约/预借
| 序号 | 登录号 | 条形码 | 馆藏地/架位号 | 状态 | 备注 |
| 1 | 0310283 | 203102837 | 第四借阅区/ [索取号:G120/52] | 在馆 | |
| 2 | 0310284 | 203102846 | 密集书库/ [索取号:G120/52] | 在馆 | |
| 3 | 0310285 | 203102855 | 第四借阅区/ [索取号:G120/52] | 在馆 | |
| 4 | 0310286 | 203102864 | 密集书库/ [索取号:G120/52] | 在馆 | |
| 5 | 0310287 | 203102873 | 第一样本阅览室/ [索取号:G120/52] | 在馆 |